Balance sheet valuations- the background, General Practice Division seminar, held at the Royal Garden Hotel, London W.2, on Friday 2nd March, 1979 (Record no. 87771)

MARC details
000 -LEADER
fixed length control field 00626cam a2200193 4500
001 - CONTROL NUMBER
control field D15093
008 - FIXED-LENGTH DATA ELEMENTS--GENERAL INFORMATION
fixed length control field 090401t1979 xxu||||| |||| 00| 0 eng d
035 ## - SYSTEM CONTROL NUMBER
System control number (Sirsi) u20212
041 ## - LANGUAGE CODE
Language code of text/sound track or separate title eng
050 ## - LIBRARY OF CONGRESS CALL NUMBER
Classification number 333.3321
110 ## - MAIN ENTRY--CORPORATE NAME
Corporate name or jurisdiction name as entry element Royal Institution of Chartered Surveyors
9 (RLIN) 4900
245 ## - TITLE STATEMENT
Title Balance sheet valuations- the background, General Practice Division seminar, held at the Royal Garden Hotel, London W.2, on Friday 2nd March, 1979
260 ## - PUBLICATION, DISTRIBUTION, ETC.
Name of publisher, distributor, etc. RICS
Date of publication, distribution, etc. 1979
350 ## - PRICE (NR) (BK AM CF MU VM SE) [OBSOLETE]
Price 0
520 ## - SUMMARY, ETC.
Summary, etc. Papers and synopses ;Filed in Box 1979/7ABC
710 ## - ADDED ENTRY--CORPORATE NAME
Corporate name or jurisdiction name as entry element General Practice Division
9 (RLIN) 752
942 ## - ADDED ENTRY ELEMENTS (KOHA)
Suppress in OPAC 0
948 ## - LOCAL PROCESSING INFORMATION (OCLC); SERIES PART DESIGNATOR (RLIN)
c (OCLC) 04/03/1997
Holdings
Withdrawn status Lost status Source of classification or shelving scheme Damaged status Not for loan Home library Current library Shelving location Date acquired Total Checkouts Full call number Barcode Date last seen Copy number Price effective from Koha item type Date last checked out
    Other/Generic Classification Scheme     London London RICS Boxes 14/09/1999   RICS 1979/7 30005217 06/08/2019 1 06/08/2019 Reference material  
    Other/Generic Classification Scheme     London London RICS Boxes 08/08/1991 1 RICS 1979/7 30005218 06/08/2019 2 06/08/2019 Book 25/08/2000
    Other/Generic Classification Scheme     London London RICS Boxes 22/08/1991   RICS 1979/7 30027870 06/08/2019 3 06/08/2019 Reference material